01059nam a2200289Ia 450000500170000000800410001702000180005804100080007608200190008410000280010324501380013125000180026930000250028749000120031250000420032458600360036665000380040265000400044065000380048065100550051870000240057326400490059733600270064633700330067333800280070604000350073420220317001748.0170328s2015 m g 000 0 s  a9786071633606 aspa04aMe864.08bP19l1 aPaz, Octaviod1914-199813aEl laberinto de la soledad ; Postdata ; Vuelta a el laberinto de la soledadcOctavio Paz ; edición y prólogo Enrico Mario Santí a5a. edición a445 páginasc18 cm aPopular aIncluye datos biográficos del autor aPremio Nobel de Literatura 1990142LEMBaAutores mexicanosySiglo XX142LEMBaLiteratura mexicanaySiglo XX142LEMBaEnsayos mexicanosySiglo XX 4aMexicovCivilizaciónxEnsayos, conferencias, etc1 aSanti, Enrico Mario aMéxicobFondo de Cultura Económicac2015 atextobtxt2rdacontent asin mediaciónbn2rdamedia avolumenbnc2rdacarrier aCO-BoRNBPbspaerdacCO-BoRNBP